Current issues in education; (Record no. 83396)

MARC details
000 -LEADER
fixed length control field 00894cam a22002411 4500
001 - CONTROL NUMBER
control field sa 68010452
003 - CONTROL NUMBER IDENTIFIER
control field DLC
005 - DATE AND TIME OF LATEST TRANSACTION
control field 20260227112551.0
008 - FIXED-LENGTH DATA ELEMENTS--GENERAL INFORMATION
fixed length control field 711206s1968 ii 000 0 eng
010 ## - LIBRARY OF CONGRESS CONTROL NUMBER
LC control number sa 68010452
035 ## - SYSTEM CONTROL NUMBER
System control number (OCoLC)178790
040 ## - CATALOGING SOURCE
Original cataloging agency DLC
Transcribing agency OKentU
Modifying agency OCoLC
-- DLC
042 ## - AUTHENTICATION CODE
Authentication code premarc
050 00 - LIBRARY OF CONGRESS CALL NUMBER
Classification number LB2901
Item number .O15
100 1# - MAIN ENTRY--PERSONAL NAME
Personal name Oad, L. K.,
Dates associated with a name 1923-
245 10 - TITLE STATEMENT
Title Current issues in education;
Remainder of title being a comparative study of some current issues in education in relation to the roles played by groups interested in the formulation of educational policies in England and India,
Statement of responsibility, etc. by L. K. Oad.
250 ## - EDITION STATEMENT
Edition statement [1st ed.]
260 ## - PUBLICATION, DISTRIBUTION, ETC.
Place of publication, distribution, etc. Delhi,
Name of publisher, distributor, etc. Young Man
Date of publication, distribution, etc. [1968]
300 ## - PHYSICAL DESCRIPTION
Extent x, 436, v p.
Other physical details illus.
Dimensions 23 cm.
504 ## - BIBLIOGRAPHY, ETC. NOTE
Bibliography, etc. note Bibliography: p. [i]-v (3d group)
650 #0 - SUBJECT ADDED ENTRY--TOPICAL TERM
Topical term or geographic name entry element School management and organization
Geographic subdivision Great Britain.
650 #0 - SUBJECT ADDED ENTRY--TOPICAL TERM
Topical term or geographic name entry element School management and organization
Geographic subdivision India

No items available.

Powered by Koha